| 000 | 004380000a22001690004500 | ||
|---|---|---|---|
| 003 | MACL | ||
| 005 | 20160108150121.0 | ||
| 008 | 160108b xxu||||| |||| 00| 0 eng d | ||
| 040 |
_aMACL _cMACL |
||
| 041 | _aEnglish | ||
| 082 | _a920/KYE | ||
| 100 |
_aKyemba, Henry _929871 |
||
| 245 |
_aState of Blood _bThe Inside Story of Idi Amin |
||
| 260 |
_bCorgi Books _c1977 _aNew Delhi |
||
| 650 |
_aBiography _929872 |
||
| 942 |
_cBK _k920/KYE _2ddc |
||
| 999 |
_c33976 _d33976 |
||